[Event "Challenge"]
[Site "http://www.queenalice.com/game.php?id=70845"]
[Date "2006.5.22"]
[Round "-"]
[White "Danilo"]
[Black "amazingmagic"]
[Result "1-0"]
[WhiteElo "1469"]
[BlackElo "1278"]

1. c4 e6 2. a3 Nf6 3. d4 d5 4. c5 b6 5. cxb6 axb6 6. e3 c5 7. dxc5 bxc5 8. Bb5+
Bd7 9. Bxd7+ Qxd7 10. Nf3 Bd6 11. O-O Nc6 12. Re1 O-O 13. Qd3 Ne5 14. Nxe5 Bxe5
15. f4 c4 16. Qd2 Bc7 17. Qe2 d4 18. Qxc4 dxe3 19. Bxe3 Rfe8 20. Nc3 e5 21. Rad1
Qc8 22. Nb5 Re7 23. fxe5 Ng4 24. Bf4 Bxe5 25. Qxc8+ Rxc8 26. Bxe5 Rxe5 27. Rxe5
Nxe5 28. Nd6 Rd8 29. Rd5 f6 30. b4 Nc6 31. b5 Ne7 32. Rd3 Nc8 33. a4 Nxd6 34. b6
Kf7 35. a5 Ke7 36. b7 Rb8 37. a6 Nxb7 38. Rb3 Ke6 39. a7 Ra8 40. Rxb7 g5 41. Kf2
h5 42. h3 Kf5 43. Kf3 h4 44. g3 Kg6 45. gxh4 gxh4 46. Kg4 f5+ 47. Kxh4 Rh8+ 48.
Kg3 Ra8 49. Kf4 Kf6 50. h4 1-0

[Event "AUTO-INT-97"]
[Site "http://www.queenalice.com/game.php?id=71678"]
[Date "2006.5.25"]
[Round "1"]
[White "amazingmagic"]
[Black "renard"]
[Result "0-1"]
[WhiteElo "1226"]
[BlackElo "1042"]

1. d4 e6 2. e4 Bd6 3. Nf3 f5 4. e5 Bb4+ 5. Bd2 Nc6 6. c3 Be7 7. h4 g6 8. Ng5 h6
9. Nf3 d5 10. h5 gxh5 11. Rxh5 Rh7 12. Qa4 Bd7 13. Qb3 Na5 14. Qxb7 Nxb7 0-1

[Event "AUTO-INT-97"]
[Site "http://www.queenalice.com/game.php?id=71679"]
[Date "2006.5.25"]
[Round "1"]
[White "renard"]
[Black "amazingmagic"]
[Result "1-0"]
[WhiteElo "1096"]
[BlackElo "1175"]

1. e4 e5 2. Be2 d5 3. exd5 Qxd5 4. c4 Qe6 5. Qa4+ Bd7 6. Qc2 Nf6 7. d3 c5 8. Bd2
e4 9. dxe4 Nxe4 10. Bc1 Nd6 11. Na3 a6 12. h4 Nc6 13. f3 b5 14. cxb5 axb5 15.
Nb1 Nb4 16. Qxc5 1-0

[Event "AUTO-INT-97"]
[Site "http://www.queenalice.com/game.php?id=71680"]
[Date "2006.5.25"]
[Round "1"]
[White "amazingmagic"]
[Black "nsh"]
[Result "1-0"]
[WhiteElo "1374"]
[BlackElo "978"]

1. d4 d5 2. Nc3 e6 3. e4 e5 4. Be3 c6 5. Qh5 a5 6. g3 b5 7. Bh3 g6 8. Qf3 Bxh3
9. Nxh3 f6 10. dxe5 b4 11. exf6 Qxf6 12. Qxf6 Ra7 13. Bxa7 Nxf6 14. Bxb8 bxc3
15. bxc3 Nxe4 16. c4 Bb4+ 17. Kd1 O-O 18. Bf4 Nd2 19. Bxd2 Rd8 20. Bxb4 axb4 21.
c5 d4 22. Nf4 g5 23. Ne6 Rd5 24. f4 d3 25. cxd3 Rxd3+ 26. Ke2 Rd6 27. f5 Rd5 28.
Rhf1 Re5+ 29. Kd3 Rd5+ 30. Kc4 Rd2 31. Kxb4 Rxh2 32. Nxg5 Rb2+ 33. Kc3 Rb5 34.
Rab1 Rxc5+ 35. Kd4 Rc2 36. a4 h6 37. Nf3 Rg2 38. Rfe1 Rxg3 39. Re7 Kf8 40. Ra7
Rg4+ 41. Kc5 Rg7 42. Rb8# 1-0

[Event "AUTO-INT-97"]
[Site "http://www.queenalice.com/game.php?id=71681"]
[Date "2006.5.25"]
[Round "1"]
[White "nsh"]
[Black "amazingmagic"]
[Result "1-0"]
[WhiteElo "1147"]
[BlackElo "1306"]

1. e4 e5 2. Qf3 c6 3. d4 d5 4. exd5 cxd5 5. Nc3 Nf6 6. Bb5+ Bd7 7. dxe5 d4 8.
exf6 gxf6 9. Qe4+ Qe7 10. Nf3 Bxb5 11. Nxd4 Bc6 12. Bf4 Bxe4 13. f3 Bxf3+ 14.
Kf1 Bh5 15. Nd5 Qc5 16. Nxf6+ Kd8 17. c3 Nc6 18. b4 Qc4+ 19. Kf2 Nxd4 20. Nxh5
Qxc3 21. Rac1 Qb2+ 22. Kg3 Ne2+ 23. Kg4 Nxc1 24. Bg5+ Be7 25. Rd1+ Ke8 26. Bh6
Qxb4+ 27. Kf5 Nxa2 28. Ng7+ Kf8 29. Ne6+ Kg8 30. Nc7 Qc5+ 31. Nd5 Rd8 32. Ke5
Bf8 33. Bg5 Qd6+ 34. Ke4 Nc3+ 35. Nxc3 Qb4+ 36. Kf5 Rxd1 37. Nxd1 Qb1+ 38. Kf6
Qxd1 39. h4 h5 40. g3 Rh6+ 41. Bxh6 Bxh6 42. Ke7 b5 43. Ke8 b4 44. Ke7 1-0

[Event "Invitation"]
[Site "http://www.queenalice.com/game.php?id=71720"]
[Date "2006.5.26"]
[Round "-"]
[White "yetiyare"]
[Black "amazingmagic"]
[Result "1-0"]
[WhiteElo "1305"]
[BlackElo "1500"]

1. e4 c6 2. d4 d5 3. exd5 cxd5 4. Nc3 e6 5. Nf3 Nc6 6. Bb5 Bd7 7. Bg5 f6 8. Bf4
Bb4 9. O-O Ne5 10. dxe5 f5 11. Bg5 Be7 12. Qd3 Bxg5 13. Nxg5 Qxg5 14. Bxd7+ Kxd7
15. Qb5+ Kc7 16. Na4 a6 17. Qb6+ Kb8 18. Nc5 Ra7 19. Nxe6 Qg6 20. Qd8# 1-0

[Event "Invitation"]
[Site "http://www.queenalice.com/game.php?id=71721"]
[Date "2006.5.26"]
[Round "-"]
[White "amazingmagic"]
[Black "yetiyare"]
[Result "0-1"]
[WhiteElo "1246"]
[BlackElo "1194"]

1. c4 e5 2. g3 c5 3. f4 Nc6 4. Bg2 d6 5. Bxc6+ bxc6 6. fxe5 dxe5 7. e4 Nf6 8.
Nc3 Be6 9. d3 Be7 10. Nf3 O-O 11. Ng5 Bg4 12. Ne2 h6 13. h3 hxg5 14. hxg4 Nxg4
15. d4 cxd4 16. Nxd4 Qxd4 17. Qxg4 Qxc4 18. Qh5 f6 19. b3 Qc3+ 20. Kd1 Qxa1 21.
Qh7+ Kf7 22. Qh5+ Ke6 23. Qg4+ Kd6 24. Rh7 Rad8 25. Kc2 Qxa2+ 26. Bb2 Qa6 27.
Rxg7 Qb6 28. Ba3+ c5 29. Qd1+ Ke6 30. Qg4+ Kd6 31. Qd1+ Kc6 32. Qe2 Qc7 33. Rxe7
Qxe7 34. Qa6+ Kc7 35. Qxa7+ Kd6 36. Bxc5+ Kc6 37. Bxe7 Rd7 38. Qa4+ Kb6 39. Qxd7
Rb8 40. Bxf6 Rb7 41. Qd6+ Kb5 42. Bxe5 Rb6 43. Qd5+ Ka6 44. Bc7 Rb5 45. Qc4 g4
46. e5 Kb7 47. Qxb5+ Kxc7 48. e6 Kd6 49. Qe2 Ke7 50. Qxg4 Kf6 51. b4 Ke5 52. e7
Kd6 53. e8=Q Kd5 0-1

[Event "Invitation"]
[Site "http://www.queenalice.com/game.php?id=71722"]
[Date "2006.5.26"]
[Round "-"]
[White "yetiyare"]
[Black "amazingmagic"]
[Result "1-0"]
[WhiteElo "1349"]
[BlackElo "1401"]

1. d4 g6 2. e4 Bg7 3. Nf3 d6 4. c4 e5 5. d5 Nf6 6. Bd3 c6 7. b4 cxd5 8. cxd5 Ng4
9. h3 Nf6 10. Nbd2 Na6 11. a3 O-O 12. O-O Bh6 13. Qe2 Nc7 14. Bb2 a6 15. Nc4 b5
16. Nb6 Rb8 17. Nxc8 Qxc8 18. Rac1 Bxc1 19. Rxc1 Qd7 20. Ng5 Rbc8 21. Qe3 Na8
22. Qf3 Qd8 23. Rxc8 Qxc8 24. Qxf6 h6 25. Nf3 Nb6 26. Qxd6 Na4 27. Bxe5 Qc1+ 28.
Kh2 Qd1 29. Qf6 Nb2 30. Qg7# 1-0

[Event "Invitation"]
[Site "http://www.queenalice.com/game.php?id=71723"]
[Date "2006.5.26"]
[Round "-"]
[White "amazingmagic"]
[Black "yetiyare"]
[Result "0-1"]
[WhiteElo "1268"]
[BlackElo "1174"]

1. d4 d5 2. Nf3 c5 3. Nc3 Nf6 4. e3 Nc6 5. dxc5 e6 6. Na4 g6 7. c3 Bg7 8. g3 O-O
9. Bb5 Na5 10. b4 Nc6 11. O-O a6 12. Nb6 Rb8 13. Bxc6 bxc6 14. Nxc8 Qxc8 15. Rb1
Ne4 16. Bb2 Nxc3 17. Bxc3 Bxc3 18. a3 Qc7 19. Qc2 Be5 20. Rfd1 Rb7 21. Nd4 Bxd4
22. Rxd4 f5 23. f4 e5 24. fxe5 Qxe5 25. Qc3 Re8 26. Re1 Rbb8 27. Kg2 Re7 28. Kf2
Qg7 29. h3 Rbe8 30. Qd3 Re4 31. Rxe4 fxe4 32. Qxa6 Qd7 33. Kg2 d4 34. Qc4+ Re6
35. exd4 Kg7 36. a4 Kf6 37. b5 e3 38. Qf1+ Kg7 39. Qf4 cxb5 40. axb5 Qxb5 41.
Rxe3 Qb2+ 42. Kf3 Rf6 43. Re7+ Rf7 44. Rxf7+ Kg8 45. Rf8+ Kg7 46. Qe5+ Kh6 47.
Rg8 g5 48. Rxg5 Qc3+ 49. Qe3 Qc4 50. Rg8+ Kh5 0-1

[Event "Invitation"]
[Site "http://www.queenalice.com/game.php?id=71724"]
[Date "2006.5.26"]
[Round "-"]
[White "amazingmagic"]
[Black "yetiyare"]
[Result "1-0"]
[WhiteElo "1354"]
[BlackElo "1383"]

1. d4 d5 2. Nc3 Nc6 3. e4 e6 4. Bb5 Nf6 5. Bg5 Bd7 6. exd5 Nb4 7. dxe6 fxe6 8.
a3 c6 9. axb4 cxb5 10. d5 Qb6 11. Be3 Qd6 12. Nxb5 Bxb5 13. Nf3 Nxd5 14. Nd4
Qxb4+ 15. c3 Qxb2 16. Nxb5 Qxb5 17. Bxa7 Nxc3 18. Qf3 Bc5 19. Qh5+ g6 20. Qe5
O-O-O 21. Qxc3 Rd5 22. Qxh8+ Kd7 23. Bxc5 Qxc5 24. O-O Qd6 25. Qxh7+ Kc6 26.
Rfc1+ Kb6 27. Rab1+ Rb5 28. Rxb5+ Kxb5 29. Qxb7+ Qb6 30. Qxb6+ Kxb6 31. g4 e5
32. h4 e4 33. h5 gxh5 34. gxh5 Kb5 35. h6 Kb4 36. h7 Kb3 37. h8=Q Ka2 38. Rc7
Kb3 39. Qb8+ Ka4 40. Ra7# 1-0

[Event "Challenge"]
[Site "http://www.queenalice.com/game.php?id=73141"]
[Date "2006.5.31"]
[Round "-"]
[White "amazingmagic"]
[Black "BuzzKiller"]
[Result "1-0"]
[WhiteElo "1319"]
[BlackElo "1332"]

1. d4 d5 2. Nc3 Nc6 3. e4 e6 4. f3 Nxd4 5. Qxd4 f6 6. exd5 Bb4 7. Qxb4 exd5 8.
Be3 a5 9. Qd4 c6 10. Qc5 Ne7 11. Na4 O-O 12. Nb6 Ra6 13. Nxc8 Nxc8 14. O-O-O Re8
15. Re1 Qd6 16. Qxd6 Nxd6 17. Bxa6 bxa6 18. Nh3 Nc4 19. Bd4 Rb8 20. b3 Na3 21.
Re6 Nb5 22. Bc5 Nc3 23. Bd6 Rb6 24. Rhe1 a4 25. Nf4 1-0

[Event "Challenge"]
[Site "http://www.queenalice.com/game.php?id=78834"]
[Date "2006.6.21"]
[Round "-"]
[White "amazingmagic"]
[Black "MaxAttax"]
[Result "0-1"]
[WhiteElo "1374"]
[BlackElo "1488"]

1. d4 Nf6 2. f3 d5 3. Nc3 Bf5 4. h3 h6 5. g4 Bh7 6. e3 e6 7. Bd3 Bxd3 8. Qxd3
Bd6 9. e4 Bg3+ 10. Kd1 dxe4 11. fxe4 Bf2 12. Be3 Bxe3 13. Qxe3 Nc6 14. Nf3 Qd7
15. Ke1 Nb4 16. Kd1 O-O-O 17. a3 Nc6 18. Ke2 Nxd4+ 19. Nxd4 Qxd4 20. Qxd4 Rxd4
21. Ke3 Rd7 22. Rad1 Rhd8 23. Rxd7 Rxd7 0-1

[Event "Challenge"]
[Site "http://www.queenalice.com/game.php?id=78835"]
[Date "2006.6.21"]
[Round "-"]
[White "amazingmagic"]
[Black "Birkoff"]
[Result "0-1"]
[WhiteElo "1357"]
[BlackElo "1266"]

1. d4 d5 2. Nc3 Nf6 3. f3 Nc6 4. e4 dxe4 5. fxe4 Nxd4 6. Nge2 e5 7. Be3 Nxe2 8.
Bxe2 Qxd1+ 9. Bxd1 Be7 10. Be2 O-O 11. O-O-O c5 12. Na4 Nxe4 13. Rd5 Bg5 14.
Bxg5 Nxg5 15. Rxe5 Ne6 16. Nxc5 Nxc5 17. Rd5 Ne4 18. Re1 Nf6 19. Rd3 Bg4 20.
Bxg4 Nxg4 21. h3 Nf2 22. Rd2 Rae8 0-1

[Event "Challenge"]
[Site "http://www.queenalice.com/game.php?id=78836"]
[Date "2006.6.21"]
[Round "-"]
[White "Birkoff"]
[Black "amazingmagic"]
[Result "1-0"]
[WhiteElo "1286"]
[BlackElo "1330"]

1. Nc3 d5 2. e4 Nf6 3. Bb5+ c6 4. Bf1 Nxe4 5. Nxe4 dxe4 6. d3 Qd4 7. dxe4 Qxe4+
8. Qe2 Qb4+ 9. Bd2 Qxb2 10. Rc1 Bf5 11. Rd1 Bxc2 12. Ba5 Bxd1 13. Qxd1 b6 14.
Bd2 Qxa2 15. Nf3 e6 16. Ne5 Na6 17. Qf3 Qb1+ 18. Qd1 Qe4+ 19. Qe2 Qa4 20. Qd3
Nc5 21. Qe2 1-0